<?xml version="1.0" encoding="UTF-8"?>
<collection xmlns="http://www.loc.gov/MARC21/slim">
 <record>
  <leader>00699nam a2200217   4500</leader>
  <controlfield tag="001">000013802</controlfield>
  <controlfield tag="003">10146</controlfield>
  <controlfield tag="005">20150812150822.0</controlfield>
  <controlfield tag="008">120323s                               sd</controlfield>
  <datafield tag="245" ind1="0" ind2="0">
   <subfield code="a">Minh mệnh chính yếu</subfield>
  </datafield>
  <datafield tag="774" ind1=" " ind2=" ">
   <subfield code="d">Huế</subfield>
   <subfield code="d">Thuận Hóa</subfield>
   <subfield code="d">1994</subfield>
   <subfield code="g">T.1</subfield>
   <subfield code="h">347 tr.</subfield>
   <subfield code="t">Quyển đầu - quyển 7</subfield>
   <subfield code="w">10147</subfield>
  </datafield>
  <datafield tag="774" ind1=" " ind2=" ">
   <subfield code="d">Huế</subfield>
   <subfield code="d">Thuận Hóa</subfield>
   <subfield code="d">1994</subfield>
   <subfield code="g">T.2</subfield>
   <subfield code="h">475 tr.</subfield>
   <subfield code="t">Quyển 8 - quyển 17</subfield>
   <subfield code="w">10148</subfield>
  </datafield>
  <datafield tag="774" ind1=" " ind2=" ">
   <subfield code="d">Huế</subfield>
   <subfield code="d">Thuận Hóa</subfield>
   <subfield code="d">1994</subfield>
   <subfield code="g">T.3</subfield>
   <subfield code="h">412 tr.</subfield>
   <subfield code="t">Quyển 8 - quyển 25</subfield>
   <subfield code="w">10265</subfield>
  </datafield>
  <datafield tag="OWN" ind1=" " ind2=" ">
   <subfield code="a">LSP</subfield>
  </datafield>
  <datafield tag="999" ind1=" " ind2=" ">
   <subfield code="a">From the UDN01</subfield>
  </datafield>
  <datafield tag="TYP" ind1=" " ind2=" ">
   <subfield code="a">Monograph</subfield>
  </datafield>
  <datafield tag="TYP" ind1=" " ind2=" ">
   <subfield code="a">Printed language</subfield>
  </datafield>
  <datafield tag="980" ind1=" " ind2=" ">
   <subfield code="a">Mạng thư viện Đại học Đà Nẵng</subfield>
  </datafield>
 </record>
</collection>
